| 000 | 00465nam a2200145Ia 4500 | ||
|---|---|---|---|
| 008 | 170224s9999 xx 000 0 und d | ||
| 100 | _aElisabetta Ipino | ||
| 245 | _aMandatory IFRS adoption: the trade-off between accrual-based and real earnings management | ||
| 245 | _cElisabetta Ipino & Antonio Parbonetti | ||
| 260 | _bAccounting and Business Research | ||
| 260 | _c2017 | ||
| 300 | _a47:1, pages 91-121 | ||
| 650 | _xAccountancy | ||
| 650 | _xAccounting | ||
| 999 |
_c316084 _d316084 |
||